Sports Quiz

Random Sports or Soccer Quiz

Soccer Clubs with Most Titles by Country Quiz Stats

 Plays Quiz Updated Jun 27, 2018

Also try: World Cup Hosts
Challenge
Share
Tweet
Embed
Score 0/60 Timer 08:00
20 Plays Today
Country Club % Correct
EnglandManchester United FC
97.8%
SpainReal Madrid CF
97.4%
SpainFC Barcelona
97%
EnglandLiverpool FC
94.4%
EnglandArsenal FC
92.8%
GermanyFC Bayern München
92.1%
ItalyAC Milan
91.1%
ItalyFC Internazionale Milano
88.7%
ItalyJuventus FC
88.3%
PortugalFC Porto
78.3%
NetherlandsAFC Ajax
78.1%
ScotlandCeltic FC
72.2%
GermanyBorussia Dortmund
72.1%
PortugalSL Benfica
72%
United States (MLS)Houston Dynamo, Sporting Kansas City, and San Jose Earthquakes
70.9%
ScotlandRangers FC
70.6%
PortugalSporting CP
68.5%
FranceOlympique de Marseille
67%
NetherlandsPSV
65.9%
United States (MLS)Los Angeles Galaxy
62.9%
SpainClub Atlético de Madrid SAD
59.8%
TurkeyGalatasaray SK
56%
ArgentinaClub Atlético Boca Juniors
55.4%
GreeceOlympiacos FC
55.4%
RussiaFC Zenit
54.5%
ScotlandAberdeen FC, Heart of Midlothian, and Hibernian
54.4%
RussiaPFC CSKA Moscow
52.8%
ArgentinaClub Atlético River Plate
49.9%
UkraineFC Dynamo Kyiv
47%
BelgiumRSC Anderlecht
47%
Country Club % Correct
NetherlandsFeyenoord Rotterdam
45.4%
BrazilSantos FC
43.5%
DenmarkFC København
43.1%
TurkeyBeşiktaş JK
42.2%
SwitzerlandFC Basel 1893
41.1%
TurkeyFenerbahçe SK
36.7%
RussiaFC Spartak Moscow
36.2%
BelgiumClub Brugge KV
36.1%
BrazilCorinthians
35%
GreeceAEK FC
34.2%
GreecePanathinaikos FC
33.1%
UkraineFC Shakhtar Donetsk
30.8%
FranceFC Nantes/AS Monaco
30%
RomaniaFC Dinamo Bucureşti
26.8%
FranceAS Saint-Étienne
23.8%
RomaniaFC Steaua Bucureşti
22.6%
SwitzerlandGrasshopper Club Zürich
22.4%
MexicoClub América
22.1%
MexicoCD Guadalajara
21%
DenmarkBrøndby IF
18.9%
United States (MLS)DC United
16.9%
BrazilSociedade Esportiva Palmeiras
9.5%
ArgentinaRacing Club
8.8%
Germany1. FC Nürnberg
7.3%
SwitzerlandServette FC
4%
MexicoDeportivo Toluca FC
2.9%
BelgiumRU Saint-Gilloise
1.5%
DenmarkKjøbenhavns Boldklub
1.4%
UkraineSK Tavria Simferopol
0.8%
RomaniaVenus Bucureşti
0.6%

You're not logged in!

Compare scores with friends on all Sporcle quizzes.
Join for Free
OR
Log In

You Might Also Like...

Show Comments

Extras

Top Quizzes Today


Score Distribution

Your Account Isn't Verified!

In order to create a playlist on Sporcle, you need to verify the email address you used during registration. Go to your Sporcle Settings to finish the process.

Report this User

Report this user for behavior that violates our Community Guidelines.

Details: